Statistics for States on the border of USA

Click here to take the quiz!

General Stats

  • This quiz has been taken 37 times
  • The average score is 31 of 36

Answers on the Map

Answers color-coded by a green-red scale on the quiz's map according to % correct below.
 

Answer Stats

Answer% Correct
Alaska
94%
Arizona
94%
California
94%
North Carolina
94%
Florida
91%
New York
91%
South Carolina
91%
Texas
91%
Washington
91%
Alabama
88%
Georgia
88%
Hawaii
88%
Ohio
88%
Oregon
88%
Virginia
88%
Louisiana
85%
Maine
85%
Massachusetts
85%
Mississippi
85%
New Jersey
85%
New Mexico
85%
Vermont
85%
Delaware
82%
Illinois
82%
Michigan
82%
New Hampshire
82%
Pennsylvania
82%
Wisconsin
82%
Connecticut
79%
Indiana
79%
Maryland
79%
Minnesota
79%
Rhode Island
79%
Idaho
76%
Montana
76%
North Dakota
76%

Score Distribution

Percentile by Number Answered

Percent of People with Each Score

Your Score History

You have not taken this quiz